ნორმალური ფორმატი
MARC ფორმატი
ჩანაწერი Corporate Name
ჩანაწერთა რაოდენობა, რომელიც გამოყენებულია: 1
001 - CONTROL NUMBER
- control field: 20491
003 - CONTROL NUMBER IDENTIFIER
- control field: GE_BSU
005 - DATE AND TIME OF LATEST TRANSACTION
- control field: 20231128103200.0
008 - FIXED-LENGTH DATA ELEMENTS
- fixed length control field: 231128|| aca||aabn | a|a d
040 ## - CATALOGING SOURCE
- Original cataloging agency: GE_BSU
- Transcribing agency: GE_BSU
110 ## - HEADING--CORPORATE NAME
- Corporate name or jurisdiction name as entry element: რეგიონალიზმის კვლევის ინსტიტუტი.
- Subordinate unit: ბათუმის შოთა რუსთველის სახელმწ. უნივერსიტეტი. ნიკო ბერძენიშვილის ინსტიტუტი.
670 ## - SOURCE DATA FOUND
- Source citation: Work cat.: (GE_BSU): სარალიძე, ლელა 20490, ბათუმი საქართველოს დემოკრატიული რესპუბლიკის პერიოდში (1918-1921) = Batumi during the period of the Democratic Rebublic of Georgia (1918-1921) :
